| 000 | 00755nam a2200253 a 4500 | ||
|---|---|---|---|
| 003 | AR-BaBNM | ||
| 005 | 20251128205238.0 | ||
| 008 | 082120s2002 ||||||||||||||000 | spa|| | ||
| 040 | _cAR-BaBNM | ||
| 100 | 1 | _aLedesma, Roberto | |
| 245 | 0 | 0 | _aEvolución del soneto en la Argentina |
| 260 |
_aBuenos Aires _bEdiciones Culturales Argentinas _c1962 |
||
| 300 | _a91 p. | ||
| 490 | 0 | _aBiblioteca de sesquicentenario | |
| 500 | _aLa presente obra está presentada en fotocopia ya que es muy difícil su obtención | ||
| 650 | 4 | _aLITERATURA ARGENTINA | |
| 650 | 4 | _aANALISIS LITERARIO | |
| 650 | 4 | _aPOESIA | |
| 650 | 4 | _aHISTORIA LITERARIA | |
| 655 | _aLITERATURA | ||
| 800 | 1 |
_aGonzález, Héctor Blas _edirector |
|
| 942 | _cBK | ||
| 998 | _claura | ||
| 999 |
_c10572 _d10572 |
||